U.S. Cities That End in -polis - Statistics

General Stats
  • This quiz has been taken 28 times
    7 since last reset
  • The average score is 5 of 26
Answer Stats
State Answer % Correct
Kansas Minneapolis
83%
Minnesota Minneapolis
83%
Maryland Annapolis
67%
Missouri Annapolis
67%
Indiana Indianapolis
67%
Illinois Metropolis
33%
Washington Cosmopolis
17%
Illinois Illiopolis
17%
North Carolina Kannapolis
17%
Ohio Neapolis
17%
Kansas Opolis
17%
Wyoming Thermopolis
17%
Michigan Cassopolis
0%
Kansas Centropolis
0%
California Copperopolis
0%
Pennsylvania Coraopolis
0%
Alabama Demopolis
0%
Wyoming East Thermopolis
0%
Ohio Gallipolis
0%
Kansas Kanopolis
0%
Wisconsin Leopolis
0%
Ohio Lithopolis
0%
Pennsylvania Perryopolis
0%
South Carolina Pinopolis
0%
Illinois Teutopolis
0%
Ohio Uniopolis
0%
No matching quizzes found
Score Distribution
Percent of People with Each Score
Percentile by Number Answered
Your Score History
You have not taken this quiz since the last reset